Biblioteca

Pisadas firmes : reflexiones sobre vida y ministerio en Latinoamérica / Randall M. Wittig (Registro nro. 44757)

Detalles MARC
000 -LÍDER
Campo fijo de descripción fija 012280000a22002050004500
020 ## - NÚMERO INTERNACIONAL NORMALIZADO PARA LIBROS
Número Internacional Normalizado del libro 0-8254-1919-0
082 04 - NÚMERO DE CLASIFICACIÓN DECIMAL DEWEY
Número de clasificación G 253 W8321p
001 - NÚMERO DE CONTROL
Campo de control 18306
100 1# - ASIENTO PRINCIPAL--NOMBRE PERSONAL
Nombre personal Wittig, Randall M.
245 10 - TÍTULO
Título del Material Pisadas firmes : reflexiones sobre vida y ministerio en Latinoamérica / Randall M. Wittig
260 ## - PUBLICACIÓN, DISTRIBUCIÓN, ETC. (PIE DE IMPRENTA)
Lugar de publicación, distribución, etc. San José, Costa Rica : Desarrollo Cristiano Internacional
300 ## - DESCRIPCIÓN FÍSICA
Extensión 173 p.
336 ## - CONTENT TYPE
Content type term texto
Content type code txt
Source rdacontent
337 ## - MEDIA TYPE
Source rdamedia
Media type term sin mediación
Media type code n
338 ## - CARRIER TYPE
Source rdacarrier
Carrier type term volumen
Carrier type code nc
501 ## - NOTA DE “CON”
Nota de Contenido Rústico
505 00 - NOTA DE CONTENIDO
Nota de contenido con formato preestablecido Hombres de los cuales el mundo no es digno -- la fragilidad de la espiritualidad -- la autoridad y los juegos de los hombres -- el culto al éxito -- entrarán los lobos rapaces... y de nosotros mismos -- arrogancia peligrosa -- más poderosa que la bomba atómica y el sexo; el abandono pastoral; todo lleva su tiempo; el proceso de cambio no sólo ocurre en mí -- la belleza es la caligrafía de Dios -- con la gente, en su situación -- paraeclesiásticas, proeclesiásticas y la paranoia -- la guerra -- Por la ambición, el diablo se hizo diablo.
650 14 - ASIENTO SECUNDARIO DE MATERIA - TERMINO TEMÁTICO
Término temático o nombre geográfico como elemento de entrada VIDA CRISTIANA \ VIDA CRISTIANA - AMERICA LATINA \ IGLESIA Y PROBLEMAS SOCIALES \ MINISTERIO CRISTIANO
942 ## - TIPO DE MATERIAL (KOHA)
Tipo de Item KOHA Libros General
Existencias
Estado de Material Estado de Perdido Forma de Clasificación Estado de Dañado No para Préstamo Colección Tomo Biblioteca de Origen Biblioteca Permanente Fecha de Adquisición Total de Préstamos Signatura Topográfica Código de Barras Última vez visto Ejemplar/Existencia Fecha de Remplazo Tipo de Material
    Dewey Decimal Classification     Colección General   Biblioteca FUSBC Biblioteca FUSBC 20/05/2014   G 253 W8321p 18334 12/12/2019 1 26/01/2016 Libros General

Biblioteca FUSBC | Teléfono: (57+4) 349 88 10 Ext. 141| WhatsApp (+57) 3005338115 
E-mail: biblioteca@unisbc.edu.co | Calle 76 87-14 Robledo Palenque, Medellín, Colombia

Con tecnología Koha